000 01597cam a22004214i 4500
003 PE-LiUPU
005 20250731172744.0
008 150617s1977 sp a r 000 0 spa d
020 _a8471180596
035 _a(Sirsi) i9788471180599
040 _aPE-LiUPU
_bspa
_cPE-LiUPU
_erda
049 _aPRUA
082 0 4 _a200.93
_bI56s
_223
100 1 _aIñiguez Herrero, José Antonio,
_eautor.
245 1 0 _aSíntesis de Arqueología Cristiana /
_cJosé Antonio Iñiguez Herrero.
264 1 _aMadrid :
_bEdiciones Palabra,
_c1977.
300 _a296 páginas :
_bilustraciones ;
_c27 centímetros.
336 _atext
_2rdacontent
337 _aunmediated
_2rdamedia
338 _avolume
_2rdacarrier
505 0 _aLas catacumbas romanas -- Las sepulturas de los mártires -- Los lugares apostólicos -- Los edificios anteriores a la paz de la Iglesia -- Los grandes edificios cristianos del siglo IV -- El siglo V. el apogeo de la arquitectura basilical -- El siglo VI. El desarrollo de la cúpula y de la bóveda -- Resúmen general de la arquitectura hasta el siglo VI -- La pintura catacumbaria -- La pintura y los mosaicos de los siglos V y VI -- La escultura -- Paleografía.
526 _aSEG42
526 _aSEG41
526 _aSEG40
526 _aSEG39
526 _aP94
526 _aP87
526 _aP86
526 _aP85
526 _aP77
526 _aP76
526 _aP35
650 0 4 _aArqueología bíblica.
910 _ajck
942 _2ddc
_cBK
999 _c2429
_d2429
980 _81
_gALBERTO SANCHEZ Responsable de Automatización